| 000 | 00385nam a22001577a 4500 | ||
|---|---|---|---|
| 003 | OSt | ||
| 005 | 20231031093409.0 | ||
| 008 | 231031b |||||||| |||| 00| 0 eng d | ||
| 020 | _a9789389441006 | ||
| 040 |
_aDDC _cHU |
||
| 082 | _a150.1/YAT | ||
| 100 |
_aYates Joanna _d23544 _937448 |
||
| 245 | _aUnitext For Freshmen: General Psychology | ||
| 300 | _a270p. | ||
| 942 |
_2ddc _cBOOKS _n0 |
||
| 999 |
_c35909 _d35909 |
||